Information finders : (Record no. 283093)
[ view plain ]
| 000 -LEADER | |
|---|---|
| fixed length control field | 00376nam a2200109Ia 4500 |
| 008 - FIXED-LENGTH DATA ELEMENTS--GENERAL INFORMATION | |
| fixed length control field | 150220s9999 xx 000 0 und d |
| 020 ## - INTERNATIONAL STANDARD BOOK NUMBER | |
| International Standard Book Number | 0590491180 |
| 245 ## - TITLE STATEMENT | |
| Title | Information finders : |
| Remainder of title | information comes from many sources / |
| Statement of responsibility, etc | Scholastic. |
| 260 ## - PUBLICATION, DISTRIBUTION, ETC. (IMPRINT) | |
| Place of publication, distribution, etc | New York : |
| Name of publisher, distributor, etc | Scholastic Inc., |
| Date of publication, distribution, etc | 1996 |
| 300 ## - PHYSICAL DESCRIPTION | |
| Extent | 160 pages : |
| Other physical details | Colored, Illustration ; |
| Dimensions | 28 cm. |
| 440 ## - SERIES STATEMENT/ADDED ENTRY--TITLE | |
| Title | Literacy Sourcebook. |
No items available.